000
00213nam a22000977a 4500
999
_c
16239
_d
16239
003
OSt
008
200625b ||||| |||| 00| 0 eng d
100
_a
Mohanan
_9
4638
245
_a
Poojakedukkatha pookkal
942
_c
BK